00735nam a2200229Ia 450000500170000000800410001702000180005804100080007608200150008410000230009924500470012226000390016930000090020844000060021750000290022365000360025270000230028890600070031194200070031899900170032595201630034220251121223617.0230125s9999 xx 000 0 und d a9789384225735 aeng a158.1bBHO aBhojwani M9215402 aThe Mind Spa: Ignite Your Inner Life Coach c2015bOm PublishingaUttar Pradesh a205p v1 aPersonality Development; aPersonality Development9213420 aBhojwani M9215402 b29 cBK c95894d95894 00104070aHIMRbHIMRd2018-03-08ePritam Book Centreg295.00i10540l0o158.1 BHO B15995pHIMR-BK-15995r2023-01-25 00:00:00v266.00w2018-02-26yBKzB15995